LEADER 00821nam a2200181 i 4500 001 000000027516 003 CaOOAMICUS 005 20180830125447.0 008 180830s1818 be u000 u und u 040 $aSeMil$bita 100 1 $aLa Mennais, Félicité : de,$d<1782-1854>.$0(OLS)http://semarc/name/7002 245 10$aTradition de l'église sur l'institution des évéques /$cpar. M. l'abbé F. de Lamennais. 260 $aBruxelles :$bDemengeot et Goodman,$c1818$e([Bruxelles] :$fImprimerie de Weissenbruch,$g1818) 300 $a3 v. ;$c8°. 650 4$aVescovi - Storia.$0(OLS)http://semarc/subject/1337 774 0 $t[Tome 3].$g3$w()60767 996 $6245$aTradition de l'église sur l'institution des évéques$9(OLS)http://semarc/title/37253 996 $6260$aBruxelles :$bDemengeot et Goodman$9(OLS)http://semarc/publisher/37326